000 00634nam a2200205Ia 4500
005 20250508165915.0
008 008 250505s9999 xx 000 0 eng d
020 _a0-415-38956-9
037 _aTextual
040 _aFEDL
_beng
_cFEDL
041 _aeng
_2eng
084 _a305.42, SPI
_qFEDL
100 _aSpivak Gayatri Chakravorty
245 0 _aIn other worlds: Essays in cultural polotics
260 _aNew York, USA
_bRoutledge
_c2006
300 _axxviii, 409p.
546 _aGifted by H.O.D. Namita Ranganathan in memory of Prof. Arvind Gaysu
942 _cTEXL
_h305.42, SPI
999 _c1398125
_d1398125